000 00352nam a2200133Ia 4500
008 240624s9999 xx 000 0 und d
041 _aeng
082 _a658.4038 SHE
100 _aSHERMAN ANDREW J
245 _aHARVESTING INTANGIBLE ASSETS UNCOVER HID
260 _c2012
_aNew York
_bAmacom
300 _axviii, : 270 : p. : cm. ; 23
365 _c
_b30
999 _c23357
_d23357